00610nam a2200205 a 450000100060000000300080000600500170001400800410003103500190007204000270009104100080011808200260012610000270015224500780017926000320025730000210028950400290031065000420033970000230038156208BD-RjUL20211209080352.0161127s1958 ii b 000 0 eng  a(BD-RjUL)56332 aDLCcDLCdBD-RjULbeng aeng 223a320.994bMAS 19581 aMathur, Ramesh Narain.10aStudies in history & politics /cR. N. Mathur. Revised by D. R. Bhandari. aAgra :bL. N. Agarwalc1958 a193 p. ;c19 cm. aIncludes bibliographies. a Politics and governmentzAustralia 1 aBhandari, Des Raj.